No seas sabio con exceso (Registro nro. 70022)
[ vista simple ]
| 000 -LÍDER | |
|---|---|
| Campo fijo de descripción fija | 01021nab a2200229 i 4500 |
| 001 - NÚMERO DE CONTROL | |
| Campo de control | 768714001 |
| 003 - IDENTIFICADOR DEL NÚMERO DE CONTROL | |
| Campo de control | CO-MdFUSB |
| 005 - FECHA Y HORA DE LA ULTIMA TRANSACCIÓN | |
| control field | 20240531104549.0 |
| 008 - ELEMENTOS DE LONGITUD FIJA -- INFORMACIÓN GENERAL | |
| Campo fijo de descripción fija -- Información general | 240531t1975 ag ||||| |||| 00| 0 spa d |
| 040 ## - FUENTE DE CATALOGACIÓN | |
| Idioma de catalogación | spa |
| Agencia que realiza la transcripción | CO-MdFUSB |
| Agencia que realiza la modificación | CO-MdFUSB |
| 041 ## - CÓDIGO DE IDIOMA | |
| Código de idioma para texto/pista de sonido o título separado | spa |
| 100 ## - ASIENTO PRINCIPAL--NOMBRE PERSONAL | |
| Nombre personal | Grau, José |
| Fechas asociadas con el nombre | 1931-2014 |
| Término relacionador | autor |
| 245 ## - TÍTULO | |
| Título | No seas sabio con exceso |
| Mención de responsabilidad | / José Grau |
| 520 ## - NOTA DE RESUMEN, ETC. | |
| Nota de sumario, etc. | Reflexiones a partir de l siguiente versículo "No seas demasiado justo, ni seas sabio con exceso; ¿por qué habrás de destruirte?" (Eclesiastés 7:16)<br/>No podemos darnos el lujo de pensar poco. Este lujo tiene un precio demasiado terrible: la pérdida de la libertad.<br/> |
| 650 #7 - ASIENTO SECUNDARIO DE MATERIA - TERMINO TEMÁTICO | |
| Término temático o nombre geográfico como elemento de entrada | Sabiduría |
| 9 (RLIN) | 107 |
| 650 #0 - ASIENTO SECUNDARIO DE MATERIA - TERMINO TEMÁTICO | |
| Término temático o nombre geográfico como elemento de entrada | Libertad |
| 9 (RLIN) | 1103 |
| 650 #2 - ASIENTO SECUNDARIO DE MATERIA - TERMINO TEMÁTICO | |
| Término temático o nombre geográfico como elemento de entrada | Pensamiento religioso |
| 9 (RLIN) | 959 |
| 650 #7 - ASIENTO SECUNDARIO DE MATERIA - TERMINO TEMÁTICO | |
| Término temático o nombre geográfico como elemento de entrada | Hermenéutica bíblica |
| 9 (RLIN) | 7333 |
| 773 0# - ASIENTO DE ITEM FUENTE | |
| Biblionumber | 69974 |
| Itemnumber | 82717 |
| Lugar, editorial y fecha de publicación | Buenos Aires |
| Otro identificador del ítem | R2609 |
| Título | Certeza |
| Número de control del registro | (CO-MdFUSB)768714001 |
| Parte(s) relacionada(s) / Volumen., número. (mes año), páginas | Número 59, (julio - septiembre, 1975) páginas: 86 - 88 |
| Enumeración y primera página | página: 86 |
| 942 ## - TIPO DE MATERIAL (KOHA) | |
| Tipo de Item KOHA | Artículos de Revista |
| 945 ## - INFORMACIÓN LOCAL DEL REGISTRO | |
| Catalogador | Catherine Arias Álvarez - Practicante SENA |
No hay ítems disponibles.
